Možnosti špičkovej prevádzky VE Sereď : Diplomová práca

Salvato in:
Dettagli Bibliografici
Autore principale: Šulek, Peter, 1973- (Autore)
Natura: Manoscritto Libro
Lingua:slovacco
Pubblicazione: Bratislava : STU v Bratislave SvF, 1997
Tags: Aggiungi Tag
Nessun Tag, puoi essere il primo ad aggiungerne!!

MARC

LEADER 00000ntm a22000003a 4500
001 stu242802
005 20220401153337.9
008 120202s1997----xo------------------slo-d
040 |a STU  |b slo 
041 0 |a slo 
044 |a xo 
100 1 |a Šulek, Peter,  |d 1973-  |4 aut  |u V170  |U SvF Stavebná fakulta  |T SvF Katedra hydrotechniky  |X 634  |U V170  |Y 17  |7 A000000634 
245 1 |a Možnosti špičkovej prevádzky VE Sereď :  |b Diplomová práca 
260 |a Bratislava :  |b STU v Bratislave SvF,  |c 1997 
300 |a 93 s